000 00759nam a2200205Ia 4500
005 20260121110157.0
008 008 260114s9999 xx 000 0 hin d
020 _a9788132366652
037 _aEBOOK
040 _aCRL
_bhin
_cCRL
041 _ahin
_2hin
084 _qCRL
100 _aराजीव श्रीवास्तव / Rajeev Srivastav
_9942989
245 0 _aहीटिंग, वेंटिलेशन और एयर कंडीशनिंग प्रणाली / Heating, Ventilation aur Air Conditioning Pranali
260 _bभाषा प्रकाशन / Bhasha Prakashan
_c2021
856 _uhttps://bhashaprakashan.com/product-details/379522
942 _cEBOOK
999 _c1534654
_d1534654